| 000 | 00408nam a22001697a 4500 | ||
|---|---|---|---|
| 005 | 20200518092951.0 | ||
| 008 | 200518b xxu||||| |||| 00| 0 eng d | ||
| 020 | _a9788193697269 | ||
| 041 | _aeng | ||
| 082 | _a614.35 | ||
| 100 |
_aRASTOGI ,SAMEER _95460 |
||
| 245 | _aPharmaceutical jurisprudence | ||
| 260 |
_aDELHI _bBirla Publication _c2019 |
||
| 300 | _a148 | ||
| 650 |
_aPharmacy _95461 |
||
| 942 | _cBK | ||
| 999 |
_c6248 _d6246 |
||